| 000 | 00562nam a2200181Ia 4500 | ||
|---|---|---|---|
| 999 |
_c32624 _d32624 |
||
| 003 | OSt | ||
| 005 | 20201014115030.0 | ||
| 008 | 190216s9999||||xx |||||||||||||| ||und|| | ||
| 020 | _a9788178795980 | ||
| 040 | _coclc | ||
| 082 |
_a613.71 _bSIN/P |
||
| 100 |
_aSingh, Dhiraj Kumar _95708 |
||
| 245 | 0 |
_aPrinciple And History Of Physical Education And Sports / _cDhiraj Kumar Singh |
|
| 260 |
_bSports Publication, _c2010. _aNew Delhi: |
||
| 300 | _a325p | ||
| 650 | _aPhysical Education | ||
| 942 |
_cBK _2ddc _h613.71 _iSIN/P _k613.71 _mSIN/P |
||